The noble scholar, jurist, historian


 His Excellency Dr. Abdul Wahhab bin Ibrahim Abu Sulaiman, may Allah have mercy on him.


 He was born in Umm Al-Qura in the year 1356 AH.

مجموعة الوثائق السياسية للعهد النبوي والخلافة الراشدة / (Record no. 3316)

MARC details
000 -LEADER
fixed length control field 03191cam a2200337 i 4500
003 - CONTROL NUMBER IDENTIFIER
control field SA-RiAUC
005 - DATE AND TIME OF LATEST TRANSACTION
control field 20241211080955.0
008 - FIXED-LENGTH DATA ELEMENTS--GENERAL INFORMATION
fixed length control field 241210s1987 le a g b 001 0 ara c
024 0# - OTHER STANDARD IDENTIFIER
Standard number or code 00000000983594
040 ## - CATALOGING SOURCE
Original cataloging agency OM-MuSQU
Language of cataloging ara
Transcribing agency SA-RiAUC
Modifying agency AE-DuMBRL
Description conventions rda
050 #4 - LIBRARY OF CONGRESS CALL NUMBER
Item number .M35 1987
082 04 - DEWEY DECIMAL CLASSIFICATION NUMBER
Classification number 953.02
Assigning agency SA-RiAUC
090 ## - LOCALLY ASSIGNED LC-TYPE CALL NUMBER (OCLC); LOCAL CALL NUMBER (RLIN)
Classification number (OCLC) (R) ; Classification number, CALL (RLIN) (NR) 953.02
Local cutter number (OCLC) ; Book number/undivided call number, CALL (RLIN) م ج م
245 00 - TITLE STATEMENT
Title مجموعة الوثائق السياسية للعهد النبوي والخلافة الراشدة /
Statement of responsibility, etc. جمعها محمد حميد الله.
250 ## - EDITION STATEMENT
Edition statement الطبعة السادسة، مصححة ومنقحة ومزيدة.
264 #1 - PRODUCTION, PUBLICATION, DISTRIBUTION, MANUFACTURE, AND COPYRIGHT NOTICE
Place of production, publication, distribution, manufacture بيروت :
Name of producer, publisher, distributor, manufacturer دار النفائس،
Date of production, publication, distribution, manufacture, or copyright notice 1987.
300 ## - PHYSICAL DESCRIPTION
Extent 757 صفحة :
Other physical details إيضاحيات ؛
Dimensions 24 سم
336 ## - CONTENT TYPE
Content type term نص
Content type code txt
Source rdacontent
Materials specified كتاب
337 ## - MEDIA TYPE
Media type term بدون وسيط
Media type code n
Source rdamedia
338 ## - CARRIER TYPE
Carrier type term مجلد
Carrier type code nc
Source rdacarrier
500 ## - GENERAL NOTE
General note كشاف : صفحة 667-710.
504 ## - BIBLIOGRAPHY, ETC. NOTE
Bibliography, etc. note ببليوجرافية : صفحة 711-757.
520 ## - SUMMARY, ETC.
Summary, etc. يتناول كتاب (مجموعة الوثائق السياسية للعهد النبوي والخلافة الراشدة) والذي قام بتأليفه محمد حميد الله، موضوع (الوثائق السياسية) جمع المؤلف في هذا الكتاب الهام الرسائل والوثائق السياسية، التي استطاع الوصول إليها في العهد النبوي والخلافة الراشدة. ويبدأ المؤلف بالوثائق والرسائل في العهد النبوي قبل وبعد الهجرة، وكتابه صلى الله عليه وسلم بين المهاجرين والأنصار واليهود، وكذلك وثيقة تحريم المدينة المنورة، أيضا الرسائل الخاصة بالدولة الرومية: الحبشة، والغسانيون والشام وقيصر الروم، ثم يعرض وثائق الدولة الفارسية ولواحقها: كسرى وعماله، ورسائل البحرين، واليمامة وعمان، ونجران، واليمن وحضرموت، وبكر بن وائل وتميم، نصارى نجران، وغيرهم. وبعد ذلك يعرض رسائل القبائل العربية، ثم يعرض رسائل ووثائق الخلافة الراشدة مثل مراسلات سعد بن أبي وقاص وفتح فارس والعراق، مراسلات أبي موسى الأشعري، ومعاهدات أهل مدينة أرمينية، وكتاب معاوية أمير الشام إلى قيصر قسطنط الثاني، وغير ذلك من الرسائل الهامة.
650 #7 - SUBJECT ADDED ENTRY--TOPICAL TERM
Topical term or geographic name entry element التاريخ الإسلامي
Chronological subdivision عصر صدر الإسلام
Form subdivision مصادر
Source of heading or term aucsh
651 #7 - SUBJECT ADDED ENTRY--GEOGRAPHIC NAME
Geographic name البلاد الإسلامية
General subdivision تاريخ
Chronological subdivision عصر صدر الإسلام، 610-661
Form subdivision مصادر
Source of heading or term aucsh
651 #7 - SUBJECT ADDED ENTRY--GEOGRAPHIC NAME
Geographic name البلاد الإسلامية
General subdivision سياسة وحكومة
Chronological subdivision عصر صدر الإسلام، 610-661
Form subdivision مصادر
Source of heading or term aucsh
700 1# - ADDED ENTRY--PERSONAL NAME
Personal name حميد الله، محمد،
Dates associated with a name 1908-2002
Relator term جامع.
942 ## - ADDED ENTRY ELEMENTS (KOHA)
Source of classification or shelving scheme Dewey Decimal Classification
Koha item type Books
Suppress in OPAC No
949 ## - LOCAL PROCESSING INFORMATION (OCLC)
a SA-JeALM
d 241210
u osman123
n 1
Holdings
Withdrawn status Lost status Source of classification or shelving scheme Damaged status Not for loan Home library Current library Date acquired Total checkouts Full call number Barcode Date last seen Price effective from Koha item type
    Dewey Decimal Classification     DR AbdElwahab Library DR AbdElwahab Library 12/11/2024   953.02 م ج م 000005247 12/11/2024 12/11/2024 Books